Kliknij powiaty województwa śląskiego na mapie - Statystyki

Ogólne statystyki
  • Ten quiz został rozwiązany 2 397 razy
  • Średni wynik to 22 z 36
Odpowiedzi na mapie
Odpowiedzi zakodowano w zielono-czerwonej skali na mapie do tego quizu, zgodnie z poniższymi procentami.
 
Statystyki odpowiedzi
Odpowiedź % Poprawnych
Częstochowa
81%
częstochowski
81%
Katowice
79%
Bielsko-Biała
75%
bielski
74%
Gliwice
71%
żywiecki
69%
gliwicki
68%
cieszyński
67%
Rybnik
67%
Jastrzębie-Zdrój
65%
Zabrze
63%
zawierciański
63%
pszczyński
62%
Tychy
62%
będziński
61%
raciborski
61%
rybnicki
61%
tarnogórski
61%
Dąbrowa Górnicza
60%
lubliniecki
60%
Żory
60%
kłobucki
59%
Jaworzno
58%
wodzisławski
58%
Bytom
57%
mikołowski
57%
Ruda Śląska
57%
Sosnowiec
56%
myszkowski
55%
Świętochłowice
53%
Mysłowice
52%
Piekary Śląskie
52%
bieruńsko-lędziński
50%
Chorzów
50%
Siemianowice Śląskie
49%
Nie znaleziono quizów pasujących do podanych kryteriów
Rozkład punktacji
Procent ludzi z każdym wynikiem
Percentyl według liczby udzielonych odpowiedzi
Twoja historia wyników
Nie rozwiązałeś tego quizu